Euroopan pääkaupunkeja - Hirsipuu - Statistics

Yleistilastot
  • Tätä visaa on pelattu 190 kertaa
  • Keskiarvotulos 6 / 8
Vastaustilastot
Kirjaimet % Oikein
A
100%
A
100%
A
100%
A
100%
A
100%
E
100%
H
100%
I
100%
I
100%
I
100%
I
100%
I
100%
I
100%
I
100%
K
100%
L
100%
L
100%
N
100%
N
100%
S
100%
S
100%
S
100%
S
100%
S
100%
A
89%
A
83%
A
83%
A
83%
H
83%
L
83%
A
80%
A
80%
E
80%
E
80%
E
80%
I
80%
I
80%
I
80%
L
80%
L
80%
N
80%
P
80%
R
80%
S
80%
S
80%
T
80%
T
80%
T
80%
V
80%
A
75%
B
75%
O
75%
E
67%
K
67%
M
67%
O
67%
T
67%
U
67%
B
60%
E
60%
J
60%
N
60%
O
60%
R
60%
T
60%
U
60%
V
60%
C
50%
H
50%
I
50%
N
50%
T
50%
U
50%
R
44%
S
44%
B
40%
D
40%
L
40%
P
40%
R
40%
B
33%
K
33%
L
33%
L
33%
N
33%
N
33%
T
33%
U
33%
Ehtoja vastaavia visoja ei löytynyt
Tulosjakauma
Jokaisen tuloksen saaneiden osuus
Persentiili vastausten määrän mukaan
Tuloshistoriasi
Et ole pelannut tätä visaa